Państwa angielskojęzyczne - nagła śmierć - Statystyki

Ogólne statystyki
  • Ten quiz został rozwiązany 105 razy
    94 od ostatniego zresetowania
  • Średni wynik to 4 z 16
Answers on the Grid
Answers color-coded by a green-red scale on the quiz's grid according to % correct below.
Antigua i Barbuda
Australia
Bahamy
Bahrajn
Bangladesz
Barbados
Belize
Kanada
Komory
Cypr
Fidżi
Ghana
Grenada
Gujana
Islandia
Indie
Irlandia
Jamajka
Malediwy
Malta
Wyspy Marshalla
Nowa Zelandia
Nigeria
Saint Lucia
Singapur
Republika Południowej Afryki
Sri Lanka
Saint Kitts i Nevis
Saint Vincent i Grenadyny
Trynidad i Tobago
Tuvalu
Uganda
Zjednoczone Emiraty Arabskie
Wielka Brytania
Stany Zjednoczone
 
Statystyki odpowiedzi
Odpowiedź % Poprawnych
Australia
69%
Wielka Brytania
48%
Kanada
45%
Stany Zjednoczone
41%
Antigua i Barbuda
34%
Irlandia
31%
Nowa Zelandia
24%
Bahamy
21%
Barbados
21%
Belize
17%
Gujana
10%
Grenada
7%
Jamajka
7%
Trynidad i Tobago
3%
Saint Kitts i Nevis
0%
Saint Vincent i Grenadyny
0%
Nie znaleziono quizów pasujących do podanych kryteriów
Rozkład punktacji
Procent ludzi z każdym wynikiem
Percentyl według liczby udzielonych odpowiedzi
Twoja historia wyników
Nie rozwiązałeś tego quizu od ostatniego zresetowania